00935nam a22002537a 4500999001900000005001700019010001500036020002700051035001400078037001300092082001600105100002100121245014400142260004500286270004300331300002600374500004800400700002100448700001300469700002200482700001700504942003000521952013000551 c158057d15805720181016110551.0 aENG-124281 a9788181714954c2180.00 aEN-107813 bDBAD/PUB a595.7330954 aSubramanian, K.A aAtlas of Odonata (Insecta) of the Western Ghats, India /cby K.A. Subramanian; K.G.Emiliyamma; R.Babu; C. Radhakrishnan [and] S.S. Talmale  aKolkatabZological Survey Of Indiac2018 a M-Block, New AliporebKolkatae700053 a417p.c22cm(Hb)bill. aIt includes acknowledgements and reference. aEmiliyamma, K.G. aBabu, R. aRadhakrishnan, C. aTalmale, S.S 2ddccENmSUBh595.7330954 001040718NFICaDBADbBNd2018-10-16eDBAD/PUBg2180.00l0o595.7330954 SUBpEN-107813r2018-10-16 00:00:00t1v2180.00yEN